000 01050nam a22002777a 4500
003 OSt
005 20210915121144.0
008 210915b2009 ck ||||er|||| 00| 1 spa d
020 _a9789588471136
040 _aCO-JMCR
_cCO-JMCR
041 0 _aspa
082 0 4 _aT /
_bCALv
_223
100 1 _aCalderón de la Barca, Pedro,
_eautor
_940448
245 1 3 _aLa vida es un sueño /
_cPedro Calderón de la Barca ; edición e introducción de Julio Paredes Castro
250 _aPrimera edición
260 _aBogotá :
_bAlcaldía Mayor de Bogotá : Secretaría Distrital de Cultura, Recreación y Deporte : Fundación Gilberto Alzate Avendaño,
_c2009
300 _a147 páginas ;
_c17 cm.
490 0 _aLibro al viento ;
_v59
650 1 4 _aTeatro español
_ySiglo xvii
_940449
650 2 4 _aLiteratura española
_ySiglo xvii
_940450
650 2 4 _aComedia española
_xSiglo xvii
_940451
650 2 4 _aAmor en la literatura
_9634
650 2 4 _aDrama en la literatura
_940452
700 1 _aParedes Castro, Julio,
_eeditor
_914038
942 _2ddc
_cBK
999 _c15601
_d15601